000 00695nam a2200229 i 4500
001 55448
003 ES-MaACL
005 20230906163140.0
007 t|
008 030919s1942 sp ||||1| spa d
100 1 _aDermenghen, Emile.
_943778
245 1 0 _aVida de Mahoma /
_cpor Emile Dermenghen ; [traducción del francés por Raymundo Mayoral].
250 _a[1ª ed.].
260 _a[Barcelona] :
_bLauro,
_c[1942] (
_fAgustín Núñez)
300 _a299 p. ;
_c20 cm.
490 1 _aColección Aretusa
600 0 4 _aMahoma.
_975544
700 1 _aMayoral, Raymundo.
_979423
830 0 _aColección Aretusa
_9181543
852 _aES-MaACL
_jF-5235
_bR.27374
999 _c55448
_d55448